Implicancias negativas del fallo emitido por la Corte Suprema sobre gestación por sustitución / (Registro nro. 5754)
[ vista simple ]
| 000 -LEADER | |
|---|---|
| fixed length control field | 01396nab a22002537a 4500 |
| 003 - CONTROL NUMBER IDENTIFIER | |
| control field | OSt |
| 005 - DATE AND TIME OF LATEST TRANSACTION | |
| control field | 20260101234223.0 |
| 008 - FIXED-LENGTH DATA ELEMENTS--GENERAL INFORMATION | |
| fixed length control field | 190514b xxu||||| |||| 00| 0 spa d |
| 040 ## - CATALOGING SOURCE | |
| Transcribing agency | PJ |
| 100 ## - MAIN ENTRY--PERSONAL NAME | |
| 9 (RLIN) | 6668 |
| Personal name | Martino, Carolina B. |
| 245 10 - TITLE STATEMENT | |
| Title | Implicancias negativas del fallo emitido por la Corte Suprema sobre gestación por sustitución / |
| Statement of responsibility, etc | Carolina B. Martino. |
| 300 ## - PHYSICAL DESCRIPTION | |
| Extent | p. 64-70 |
| 500 ## - GENERAL NOTE | |
| General note | Cita: TR LALEY AR/DOC/876/2025. |
| 505 ## - FORMATTED CONTENTS NOTE | |
| Formatted contents note | Sumario: I. Hechos del caso.— II. Decisiones de los tribunales de primera y segunda instancia.— III. El recurso de queja de los actores.— IV. La decisión de la Corte.— V. Problemáticas jurídicas e interpretativas en juego.— VI. La exclusión de las parejas homosexuales masculinas del acceso a la gestación por sustitución.— VII. Breve reflexión final. |
| 505 ## - FORMATTED CONTENTS NOTE | |
| Title | Fallo comentado: CS ~ 22/10/2024 ~ S., I. N. c. A., C. L. s/ impugnación de filiación. |
| 650 #0 - SUBJECT ADDED ENTRY--TOPICAL TERM | |
| 9 (RLIN) | 1497 |
| Topical term or geographic name as entry element | CODIGO CIVIL Y COMERCIAL |
| 650 #0 - SUBJECT ADDED ENTRY--TOPICAL TERM | |
| 9 (RLIN) | 4292 |
| Topical term or geographic name as entry element | TÉCNICAS DE REPRODUCCIÓN HUMANA ASISTIDA |
| 650 #0 - SUBJECT ADDED ENTRY--TOPICAL TERM | |
| 9 (RLIN) | 4486 |
| Topical term or geographic name as entry element | GESTACION POR SUSTITUCION |
| 650 #0 - SUBJECT ADDED ENTRY--TOPICAL TERM | |
| 9 (RLIN) | 1004 |
| Topical term or geographic name as entry element | FILIACION |
| 650 #0 - SUBJECT ADDED ENTRY--TOPICAL TERM | |
| 9 (RLIN) | 699 |
| Topical term or geographic name as entry element | FALLOS DE LA CORTE SUPREMA |
| 650 #0 - SUBJECT ADDED ENTRY--TOPICAL TERM | |
| 9 (RLIN) | 1057 |
| Topical term or geographic name as entry element | JURISPRUDENCIA APLICABLE |
| 773 0# - HOST ITEM ENTRY | |
| Host Biblionumber | 2844 |
| Host Itemnumber | 3222 |
| Place, publisher, and date of publication | Buenos Aires : AbeledoPerrot, 1989- |
| Title | Derecho de familia. Revista Interdisciplinaria de doctrina y jurisprudencia. Junio 2025-III. |
| International Standard Book Number | 18511201 |
| 942 ## - ADDED ENTRY ELEMENTS (KOHA) | |
| Source of classification or shelving scheme | |
| Koha item type | Analítica Artículo de Revista |
No hay ítems disponibles.
